00370nam a22001217a 4500999001700000082002000017100004200037245002800079260001500107300001100122942000700133952010800140 c65153d65150 a297.28 ب د ر aمولانا بدر عالم صاحب aترجمان السنۃ aکراچی a۴۹۶ cBK 001040708REFaREFbREFd2019-07-09l0o297.28 ب د ر (Shelf - 17B)pR7486r2019-07-09 00:00:00yBK